Environmentálna bezpečnosť strojárskych technológií

Bibliographic Details
Main Author: Škárka, Bohumil, 1933-2009 (Author)
Format: Book
Language:Slovak
PhysicalDescription:89 s. fotogr., sch., tab. 21 cm
Published: Žilina STRIX 2009
ISBN:9788089281510
Edition:1. vyd.
Series:Environmentálne vedy
Subjects:

MARC

LEADER 00000cam a2200000 a 4500
001 vtls010446460
003 SK-MaSNL
005 20260301132810.0
008 251029s2009 xo ol f 000 0 slo
015 |a SNBA2012/11-05595 
020 |a 9788089281510  |q (brož.) 
035 |a A74B2E3E-5201-4D4E-93AE-9222F59CEB5F 
035 |a urn:nbn:sk:snk-amjli6 
035 |a urn:nbn:sk:snk-am001nd6 
040 |a SNK  |b slo  |c SNK  |e AACR2 
041 0 |a slo 
044 |a xo  |c SK 
072 7 |a 621  |x Strojárstvo  |2 konspekt 
072 7 |a 502  |x Životné prostredie a jeho ochrana  |2 konspekt 
080 |a 338.45  |2 2001 
080 |a 621.7/.9  |2 2001 
080 |a 331.45  |2 2001 
080 |a 502.174  |2 2001 
080 |a (048.8)  |2 2001 
100 1 |a Škárka, Bohumil,  |d 1933-2009  |4 aut  |9 225740 
245 1 0 |a Environmentálna bezpečnosť strojárskych technológií  |c Bohumil Škárka 
250 |a 1. vyd. 
260 |a Žilina  |b STRIX  |c 2009 
300 |a 89 s.  |b fotogr., sch., tab.  |c 21 cm 
366 |e 500 výt. 
490 1 |a Environmentálne vedy  |v 47 
504 |a Bibliogr. s. 83-86 
650 0 7 |a priemyselná výroba  |2 SNKPH  |9 72943 
650 0 7 |a Industrial production  |2 SNKPHeng  |9 361865 
650 0 7 |a Mechanical technology  |2 SNKPHeng  |9 270257 
650 0 7 |a Occupational safety  |2 SNKPHeng  |9 287472 
650 0 7 |a Green technology  |2 SNKPHeng  |9 302635 
650 0 7 |a strojárska technológia  |2 SNKPH  |9 65980 
650 0 7 |a bezpečnosť práce  |2 SNKPH  |9 1296 
650 0 7 |a environmentálne vhodné technológie  |2 SNKPH  |9 82527 
655 7 |a monografie  |2 SNKPH  |9 70139 
655 7 |a Monographs  |2 SNKPHeng  |9 120675 
830 0 |a Environmentálne vedy  |9 319640 
919 |a 978-80-89281-51-0 
958 |a NB 
968 |d 62 
999 |c 752004  |d 753934 
952 |a SNK  |b SNK  |y PREZ  |7 0  |p 17A1048562  |o snkSC 150937  |i snk2012/17134  |8 0  |0 0  |1 0  |4 0  |d 2012-09-06  |l 0  |r 2025-07-21 00:00:00  |w 2026-02-23 
952 |a SNK  |b SNK  |y VYP  |7 0  |p 17A1048563  |o snkSC 150937 D1  |i snk2012/17135  |8 0  |0 0  |1 0  |4 0  |d 2012-09-06  |f 1  |l 0  |r 2026-02-23 23:36:08  |w 2026-02-23